Silberschatz's operating system concepts /

Bibliographic Details
Main Authors: Silberschatz, Abraham (Author), Galvin, Peter B. (Author), Gagne, Greg (Author)
Format: Book
Language:English
Published: New Delhi : Wiley, c2023 [reprinted 2024].
Edition:Global edition.
Subjects:
Classic Catalogue: View this record in Classic Catalogue
LEADER 04541nam a22004457a 4500
001 44286
003 BD-DhAAL
005 20250413125745.0
008 250413r20242023ii a b 001 0 eng d
010 |a  2017043464 
020 |a 9789357460569 
020 |a 9789357460583 
040 |a BD-DhAAL  |c BD-DhAAL 
042 |a pcc 
082 0 0 |a 005.43  |2 23 
100 1 |a Silberschatz, Abraham,  |e author.  |9 32898 
245 1 0 |a Silberschatz's operating system concepts /  |c Abraham Silberschatz, Peter Baer Galvin, Greg Gagne. 
250 |a Global edition. 
260 |a New Delhi :  |b Wiley,  |c c2023 [reprinted 2024]. 
300 |a xxii, 864 pages :  |b illustrations ;  |c 25 cm 
504 |a Includes bibliographical references and index. 
526 |a CSE  |x Amitabha Chakrabarty, PhD Professor Department of Computer Science and Engineering Course Name and No. : Operating Systems (CSE 321) 
541 |a Book Finder International  |e 44286, 44287, 44288, 44289, 44290, 44291, 44292, 44293, 44294, 44295 
650 0 |a Operating systems (Computers)  |9 32899 
650 0 |a Computer science.  |9 42546 
700 1 |a Galvin, Peter B.,  |e author.  |9 32900 
700 1 |a Gagne, Greg,  |e author.  |9 32901 
852 |a Ayesha Abed Library  |c General Stacks 
942 |2 ddc  |c BK 
999 |c 47235  |d 47235 
952 |0 0  |1 0  |2 ddc  |4 0  |6 005_430000000000000_SIL  |7 0  |9 77538  |a BRACUL  |b BRACUL  |c GEN  |d 2025-03-20  |e Book Finder International  |g 1220.00  |l 5  |m 36  |o 005.43 SIL  |p 3010044288  |r 2026-05-18  |s 2026-05-10  |t 3  |v 1220.00  |w 2025-03-20  |y BK  |x Requisitioned by Amitabha Chakrabarty (Professor) for the course named- "Operating Systems (CSE 321)". 
952 |0 0  |1 0  |2 ddc  |4 0  |6 005_430000000000000_SIL  |7 0  |9 77539  |a BRACUL  |b BRACUL  |c GEN  |d 2025-03-20  |e Book Finder International  |g 1220.00  |l 3  |m 24  |o 005.43 SIL  |p 3010044294  |q 2026-05-19  |r 2026-04-18  |s 2026-04-18  |t 9  |v 1220.00  |w 2025-03-20  |y BK  |x Requisitioned by Amitabha Chakrabarty (Professor) for the course named- "Operating Systems (CSE 321)". 
952 |0 0  |1 0  |2 ddc  |4 0  |6 005_430000000000000_SIL  |7 0  |9 77540  |a BRACUL  |b BRACUL  |c GEN  |d 2025-03-20  |e Book Finder International  |g 1220.00  |l 3  |m 25  |o 005.43 SIL  |p 3010044289  |q 2026-06-02  |r 2026-02-25  |s 2026-02-25  |t 4  |v 1220.00  |w 2025-03-20  |y BK  |x Requisitioned by Amitabha Chakrabarty (Professor) for the course named- "Operating Systems (CSE 321)". 
952 |0 0  |1 0  |2 ddc  |4 0  |6 005_430000000000000_SIL  |7 0  |9 77541  |a BRACUL  |b BRACUL  |c GEN  |d 2025-03-20  |e Book Finder International  |g 1220.00  |l 1  |m 3  |o 005.43 SIL  |p 3010044293  |q 2025-10-08  |r 2025-06-22  |s 2025-06-22  |t 8  |v 1220.00  |w 2025-03-20  |y BK  |x Requisitioned by Amitabha Chakrabarty (Professor) for the course named- "Operating Systems (CSE 321)". 
952 |0 0  |1 0  |2 ddc  |4 0  |6 005_430000000000000_SIL  |7 0  |9 77542  |a BRACUL  |b BRACUL  |c GEN  |d 2025-03-20  |e Book Finder International  |g 1220.00  |l 4  |m 20  |o 005.43 SIL  |p 3010044291  |r 2026-05-21  |s 2026-02-02  |t 6  |v 1220.00  |w 2025-03-20  |y BK  |x Requisitioned by Amitabha Chakrabarty (Professor) for the course named- "Operating Systems (CSE 321)". 
952 |0 0  |1 0  |2 ddc  |4 0  |6 005_430000000000000_SIL  |7 0  |9 77543  |a BRACUL  |b BRACUL  |c CIR  |d 2025-03-20  |e Book Finder International  |g 1220.00  |l 1  |o 005.43 SIL  |p 3010044287  |r 2026-05-13  |s 2026-05-13  |t 2  |v 1220.00  |w 2025-03-20  |y 1HOUR  |x Requisitioned by Amitabha Chakrabarty (Professor) for the course named- "Operating Systems (CSE 321)". 
952 |0 0  |1 0  |2 ddc  |4 0  |6 005_430000000000000_SIL  |7 0  |9 77544  |a BRACUL  |b BRACUL  |c CIR  |d 2025-03-20  |e Book Finder International  |g 1220.00  |l 1  |o 005.43 SIL  |p 3010044286  |r 2025-10-27  |s 2025-10-27  |t 1  |v 1220.00  |w 2025-03-20  |y 1HOUR  |x Requisitioned by Amitabha Chakrabarty (Professor) for the course named- "Operating Systems (CSE 321)". 
952 |0 0  |1 0  |2 ddc  |4 0  |6 005_430000000000000_SIL  |7 0  |9 77545  |a BRACUL  |b BRACUL  |c GEN  |d 2025-03-20  |e Book Finder International  |g 1220.00  |l 4  |m 27  |o 005.43 SIL  |p 3010044290  |q 2026-06-02  |r 2026-02-08  |s 2026-02-08  |t 5  |v 1220.00  |w 2025-03-20  |y BK  |x Requisitioned by Amitabha Chakrabarty (Professor) for the course named- "Operating Systems (CSE 321)". 
952 |0 0  |1 0  |2 ddc  |4 0  |6 005_430000000000000_SIL  |7 0  |9 77546  |a BRACUL  |b BRACUL  |c GEN  |d 2025-03-20  |e Book Finder International  |g 1220.00  |l 6  |m 27  |o 005.43 SIL  |p 3010044295  |q 2026-05-11  |r 2026-02-02  |s 2026-02-02  |t 10  |v 1220.00  |w 2025-03-20  |y BK  |x Requisitioned by Amitabha Chakrabarty (Professor) for the course named- "Operating Systems (CSE 321)". 
952 |0 0  |1 0  |2 ddc  |4 0  |6 005_430000000000000_SIL  |7 0  |9 77577  |a BRACUL  |b BRACUL  |c GEN  |d 2025-03-20  |e Book Finder International  |g 1220.00  |l 3  |m 36  |o 005.43 SIL  |p 3010044292  |q 2026-05-18  |r 2026-02-18  |s 2026-02-18  |t 7  |v 1220.00  |w 2025-03-20  |y BK  |x Requisitioned by Amitabha Chakrabarty (Professor) for the course named- "Operating Systems (CSE 321)".